Normal view
MARC view
Entry Personal Name
001 - CONTROL NUMBER
- control field: 51492
003 - CONTROL NUMBER IDENTIFIER
- control field: ARRUPE
005 - DATE AND TIME OF LATEST TRANSACTION
- control field: 20220510081344.0
008 - FIXED-LENGTH DATA ELEMENTS
- fixed length control field: 220510|| aca||aabn | a|a d
040 ## - CATALOGING SOURCE
- Original cataloging agency: ARRUPE
- Transcribing agency: ARRUPE
100 ## - HEADING--PERSONAL NAME
- Personal name: Karabell, Zachary
670 ## - SOURCE DATA FOUND
- Source citation: Work cat.: (ARRUPE)131380: Karabell, Zachary., Parting the desert :, 2003.